[Event "MDA-ch (Women)"]
[Site "Kishinev"]
[Date "2018.01.31"]
[Round "1"]
[White "Verbin, Valentina"]
[Black "Cogut, Irina"]
[Result "1-0"]
[WhiteElo "1871"]
[BlackElo "1435"]
[PlyCount "58"]
[EventDate "2018.01.31"]
[EventType "tourn"]
[EventRounds "9"]
[EventCountry "MDA"]
[SourceTitle "CBM 182 Extra"]
[Source "ChessBase"]
[SourceDate "2018.02.23"]
[SourceVersion "1"]
[SourceVersionDate "2018.02.23"]
[SourceQuality "1"]

1. e4 e6 2. d4 Be7 3. Nf3 d6 4. Bd3 Nf6 5. 0-0 0-0 6. c4 b6 7. e5 Ne8 8. Nc3 Bb7 9. Qe2 Nd7 10. Re1 dxe5 11. dxe5 Nc5 12. Bc2 a5 13. Be3 g6 14. Rad1 Qc8 15. Ng5 Ng7 16. Bxc5 Bxc5 17. Nce4 Be7 18. Nf6+ Bxf6 19. exf6 Nh5 20. Nxh7 Nf4 21. Qg4 Kxh7 22. Qxf4 Rh8 23. Re3 Kg8 24. Rg3 Qb8 25. Qe5 c5 26. Rxg6+ Kf8 27. Qxb8+ Rxb8 28. Rg7 Rg8 29. Rxg8+ Kxg8 1-0